000 00860nam a2200229Ia 4500
008 130821s2006 ck a gr spa
020 _a9588134293
040 _aCo-BoUCM
_bspa
041 0 0 _aspa
100 1 _aGonzález Borrero, Jorge Iván
_d1953-
_945434
245 1 0 _aÉtica, economía y políticas sociales
_cJorge Iván González B
260 _aMedellín (Antioquia, Colombia)
_b[Editorial desconocida]
_c2006
300 _a382 páginas
_btablas
490 _aSerie Pensamientos Etica, Economía y Políticas Sociales
504 _aIncluye referencias y listado de gráficas y tablas.
650 0 4 _aEconomía
_9174
650 0 4 _aEconomía
_vAspectos sociales
_9174
650 0 4 _aEconomía
_xAspectos morales y éticos
_9174
650 0 4 _aTeoría económica
_925318
942 _cLIBRO
_2DEWEY
_a7
_e1
_h330
_mG643e
999 _c61160
_d61160